Statistics for Minecraft Mods with 25 Million+ Downloads

Click here to take the quiz!

General Stats

  • This quiz has been taken 87 times
  • The average score is 5 of 61

Answer Stats

DownloadsAnswer% Correct
51,5MJust Enough Items
60%
56.7MTinkers Construct
50%
59.2MJourneyMap
41%
50,6MChisel
28%
37,3MEnder IO
28%
56.8MMantle
24%
48MInventory Tweaks
22%
38,9MBotania
19%
37,2MThermal Expansion
19%
39,6MImmersive Engineering
18%
47,4MIron Chests
18%
39,9MApplied Energistics 2
13%
38,7MMouse Tweaks
13%
49,1MStorage Drawes
13%
32,3MAppleSkin
12%
30,6MDraconic Evolution
12%
38MThermal Foundation
12%
41,4MPam's Harvestcraft
10%
35,5MRFTools
9%
33,7MThermal Dynamics
7%
29,3MBlood Magic
6%
31,5MBookshelf
6%
35,9MCodeChicken Lib 1.8.+
6%
25,5MOpenBlocks
6%
26,4MWAWLA
6%
27,3MAppleCore
4%
46,7MBaubles
4%
26,5MBetterFPS
4%
41,7MCraftTweaker
4%
45MExtra Utilities
4%
37,3MFTB Library
4%
28,2MActually Additions
3%
37,4MBiblioCraft
3%
35MChisels & Bits
3%
27,6MControlling
3%
30MForestry
3%
33,2MAutoRegLib
1%
41,3MBdLib
1%
35,6MBetter Builder's Wands
1%
30,6MBrandon's Core
1%
36,1MChameleon
1%
43,7MCoFH Core
1%
30,8MConnectedTexturesMod
1%
39MEnderCore
1%
28,9MEnder Storage
1%
36,7MFTB Utilities
1%
30,9MGuide-API
1%
39,4MMcJtyLib
1%
38,8MModTweaker
1%
39MMorpheus
1%
29,7MMTLib
1%
29,4MNatura
1%
25,2MOpenModsLib
1%
25,6MRedstone Arsenal
1%
25MValkyrieLib
1%
27,3MAroma1997Core
0%
33,5MCooking For Blockheads
0%
47MCustom Main Menu
0%
28MReborn Core
0%
46,5MResource Loader
0%
31,5MShadowfacts' Forgelin
0%

Score Distribution

Percentile by Number Answered

Percent of People with Each Score

Your Score History

You have not taken this quiz